[Event "Nichelino Berruto Memorial 19th"]
[Site "Nichelino"]
[Date "2016.03.11"]
[Round "5"]
[White "Martin, Tiziano"]
[Black "Crepaldi, Manuele"]
[Result "1-0"]
[WhiteElo "1911"]
[BlackElo "1777"]
[PlyCount "45"]
[EventDate "2016.02.12"]
[EventType "swiss"]
[EventRounds "6"]
[EventCountry "ITA"]
[SourceTitle "EXT 2018"]
[Source "ChessBase"]
[SourceDate "2017.10.13"]
[SourceVersion "1"]
[SourceVersionDate "2017.10.13"]
[SourceQuality "1"]

1. d4 d5 2. Nf3 Nf6 3. e3 c5 4. Bd3 c4 5. Be2 Nc6 6. 0-0 Bf5 7. c3 e6 8. b3 b5 9. bxc4 bxc4 10. Nbd2 Qa5 11. Ne5 Nxe5 12. dxe5 Nd7 13. e4 Bxe4 14. Nxe4 dxe4 15. Bf4 Be7 16. Qd4 Nb6 17. Qxe4 0-0 18. Bxc4 Nxc4 19. Qxc4 Rac8 20. Qe4 Rxc3 21. Bd2 Bb4 22. Rab1 Qxa2 23. Qe1 1-0

[Event "Nichelino Berruto Memorial 19th"]
[Site "Nichelino"]
[Date "2016.02.12"]
[Round "1"]
[White "De Renzi, Giuseppe"]
[Black "Crepaldi, Manuele"]
[Result "0-1"]
[WhiteElo "1553"]
[BlackElo "1777"]
[PlyCount "82"]
[EventDate "2016.02.12"]
[EventType "swiss"]
[EventRounds "6"]
[EventCountry "ITA"]
[SourceTitle "EXT 2018"]
[Source "ChessBase"]
[SourceDate "2017.10.13"]
[SourceVersion "1"]
[SourceVersionDate "2017.10.13"]
[SourceQuality "1"]

1. Nf3 b6 2. g3 Bb7 3. Bg2 e5 4. d3 f5 5. 0-0 d6 6. Nc3 Nf6 7. Re1 Be7 8. e4 fxe4 9. dxe4 0-0 10. Nd5 Nxd5 11. exd5 Nd7 12. c4 Bc8 13. Qd2 Nf6 14. Nxe5 dxe5 15. d6 Bxd6 16. Bxa8 Ng4 17. Bd5+ Kh8 18. f3 Bc5+ 19. Kg2 Nf2 20. Re3 c6 21. Bxc6 Qf6 22. Bd5 Ng4 23. Re2 h6 24. Qe1 e4 25. Bxe4 Ne5 26. Qc3 Be6 27. b3 Rd8 28. Be3 Rd3 29. Qe1 Nxf3 30. Bxf3 Qf5 31. Bf4 Qh3+ 32. Kh1 Rxf3 33. Rxe6 Kg8 34. Rxh6 gxh6 35. Qe8+ Bf8 36. Qe2 Qg4 37. Kg2 Rxg3+ 38. hxg3 Qxe2+ 39. Kh3 Bg7 40. Rc1 Be5 41. Bxh6 Qh5+ 0-1

[Event "Nichelino op"]
[Site "Nichelino"]
[Date "2008.10.04"]
[Round "4"]
[White "Marguerettaz, Davy"]
[Black "Crepaldi, Manuele"]
[Result "1-0"]
[WhiteElo "2020"]
[BlackElo "1817"]
[PlyCount "65"]
[EventDate "2008.10.02"]
[EventType "swiss"]
[EventRounds "6"]
[EventCountry "ITA"]
[SourceTitle "CBM 126 Extra"]
[Source "ChessBase"]
[SourceDate "2008.11.05"]
[SourceVersion "1"]
[SourceVersionDate "2008.11.05"]
[SourceQuality "1"]

1. e4 c5 2. Nf3 d6 3. d3 g6 4. g3 Bg7 5. Bg2 Nc6 6. 0-0 Nf6 7. c3 Bg4 8. Nbd2 Qd7 9. Qc2 e5 10. Nc4 b5 11. Ne3 Bh3 12. Bxh3 Qxh3 13. Qb3 0-0 14. Qxb5 Ne7 15. Qb3 Nh5 16. Nd5 Rfe8 17. Ng5 Qg4 18. h3 Qd7 19. Kg2 Kh8 20. Ne3 Ng8 21. Nd5 f5 22. a4 h6 23. Nf3 f4 24. Qb5 Qf7 25. g4 Nhf6 26. Qc6 Qe6 27. Nc7 Qc8 28. Qxd6 Rd8 29. Qxc5 Rxd3 30. Nxe5 Rxh3 31. Nxg6+ Kh7 32. Nf8+ Bxf8 33. Qf5+ 1-0

[Event "Nichelino op"]
[Site "Nichelino"]
[Date "2008.10.02"]
[Round "1"]
[White "Finocchiaro, Gianluca"]
[Black "Crepaldi, Manuele"]
[Result "1-0"]
[WhiteElo "2026"]
[BlackElo "1817"]
[PlyCount "39"]
[EventDate "2008.10.02"]
[EventType "swiss"]
[EventRounds "6"]
[EventCountry "ITA"]
[SourceTitle "CBM 126 Extra"]
[Source "ChessBase"]
[SourceDate "2008.11.05"]
[SourceVersion "1"]
[SourceVersionDate "2008.11.05"]
[SourceQuality "1"]

1. e4 g6 2. d4 Bg7 3. Nc3 c5 4. Nf3 cxd4 5. Nxd4 Nc6 6. Nxc6 bxc6 7. Bc4 d6 8. 0-0 Nf6 9. e5 Ng8 10. Qf3 e6 11. Qxc6+ Bd7 12. Qxd6 Rc8 13. Bb3 Bf8 14. Qd3 Qa5 15. Bf4 Bc5 16. Rad1 Rd8 17. Ne4 Qc7 18. Bg5 Be7 19. Bxe7 Nxe7 20. Nf6+ 1-0